[Event "FIDE World Cup"]
[Site "Khanty-Mansiysk"]
[Date "2005.12.01"]
[Round "2.2"]
[White "Rublevsky, Sergei"]
[Black "Sasikiran, Krishnan"]
[Result "1-0"]
[WhiteElo "2652"]
[BlackElo "2663"]
[Annotator "Postny,E"]
[PlyCount "117"]
[EventDate "2005.11.27"]
[EventType "k.o."]
[EventRounds "7"]
[EventCountry "RUS"]
[SourceTitle "CBM 111"]
[Source "ChessBase"]
[SourceDate "2006.04.04"]
[SourceVersion "1"]
[SourceVersionDate "2006.04.04"]
[SourceQuality "1"]

1. e4 e5 2. Nf3 Nc6 3. d4 exd4 4. Nxd4 Bc5 5. Be3 Qf6 6. c3 Nge7 7. g3 h5 $5 {
This aggressive continuation gained some popularity recently.} ({The main line
is} 7... d5) 8. h3 (8. Nc2 Bxe3 9. Nxe3 h4 10. Bg2 d6 11. Nd2 hxg3 12. hxg3
Rxh1+ 13. Bxh1 Be6 14. Qe2 O-O-O $11 {1/2-1/2 Belkhodja,S-Inkiov,V/Condom 2002/
CBM 89 ext (48)}) (8. h4 $6 d5 9. Bg2 Bg4 10. Qd3 Ne5 11. Qb5+ c6 12. Qxb7 O-O
13. Qa6 Bxd4 14. cxd4 Nf3+ 15. Kf1 dxe4 $17 {0-1 Anglada Lobarte,J-Roa Alonso,
S/Zaragoza 1993/EXT 98 (31)}) 8... b6 {Going for the castling to the queenside.
} (8... d5 9. Bg2 Bxd4 10. cxd4 dxe4 11. Nc3 Bf5 12. Qa4 O-O 13. O-O-O b5 $1
14. Qxb5 Rab8 15. Qc5 Nb4 $36 {0-1 Epstein,E-Friedel,J/Connecticut USA 2004/
The Week in Chess 493 (33)}) (8... h4 9. g4 Ng6 10. Qd2 {[%cal Gf2f4]} Nce5 11.
Be2 Bxd4 12. cxd4 Nf3+ 13. Bxf3 Qxf3 {[%csl Re4,Rh1]} 14. Rh2 Qxe4 15. f4 O-O
16. f5 Re8 17. Kf2 Nf8 18. Nc3 $44 {1/2-1/2 Radjabov,T (2673)-Beliavsky,A 
(2630)/Warsaw 2005/CBM 108_01/[Postny,E] (46)}) 9. Bg2 Bb7 10. b4 $1 {The most
principled continuation.} Nxd4 (10... Bxd4 $6 11. cxd4 Nxb4 12. O-O $16 {
[%csl Gd4,Ge4]}) 11. bxc5 Ndc6 12. O-O O-O-O 13. Na3 d5 ({Very dangerous for
black} 13... Qxc3 $2 14. Nb5) 14. cxd6 (14. exd5 $2 {is clearly refuted by}
Nxd5 15. Bxd5 Rxd5 $1 16. Qxd5 Ne5 17. Qd1 Nf3+ (17... Rd8 18. Qxh5 g6 $1 $19)
18. Kg2 Qc6 19. Kh1 Qe6 20. Kg2 Ng5+ 21. f3 Qxh3+ 22. Kf2 Qh2+ 23. Ke1 Qxg3+
24. Rf2 Re8 $19) 14... Rxd6 15. Qe2 $1 $146 {[%mdl 8] The best place for the
queen and an improvement over the game Movsesian-Shirov.} ({Black got
reasonable position after} 15. Qa4 Rd3 16. Nb5 a6 17. Qc2 Rd7 18. Nd4 Rhd8 {
1/2-1/2 Movsesian,S (2647)-Shirov,A (2713)/Sarajevo 2004/CBM 101_01/[Postny,E]
(39)}) 15... a6 $2 {This move unnecessary weakens the queenside.} (15... Rd7 {
might be an improvement.}) 16. Nc4 Rdd8 17. Rab1 {Now, some sacrifices on b6
are in the air, so black's reply is practically forced.} b5 (17... Rhe8 18.
Nxb6+ $1 cxb6 19. Rxb6 Rd7 20. Rfb1 $40) 18. Nd2 Qxc3 19. Nb3 Rd3 $1 {The
following exchange sacrifice is probably black's best practical chance.} (19...
Ne5 20. Nc5 Qc4 21. Qb2 Nd3 22. Nxd3 Qxd3 23. Rfc1 $18) 20. Rbc1 Rxe3 21. fxe3
Qe5 22. Rxf7 Nd8 (22... Qxg3 23. Qf2 Qe5 24. Qf4 $18) 23. Rf4 Ne6 24. Qf2 $1
Kb8 (24... Nxf4 25. exf4 Qe6 26. Nc5 $18) 25. Rf7 Re8 26. Nd4 Nd8 27. Rf8 Ng6
28. Rf5 Qe7 29. Rfc5 c6 30. Rxh5 $6 {The capture of this pawn makes white's
winning task more difficult.} (30. Nf5 Qc7 31. Qd2 {[%csl Gd6] was probably
more precise.}) 30... Ne5 {[%csl Ge5][%cal Ge5d3]} 31. Qc2 g6 32. Rh4 {
Temporary, white's rook is in awkward position.} Qg5 {[%csl Re3,Rg3]} 33. Kh2
Qxe3 34. Qc5 {[%csl Re3] Threatening 35.Nxc6.} Ka8 35. Ne6 Nf3+ $1 36. Bxf3
Qd2+ 37. Bg2 Nxe6 38. Qc2 Qxc2 (38... Qe3 39. e5 $18 {opening the diagonal for
white's dreaming bishop.}) 39. Rxc2 c5 {Black's pawn majority on the queenside
is his last hope.} 40. e5 c4 41. Rh7 Bxg2 42. Kxg2 Rd8 43. Re7 Nd4 44. Rd2 Kb8
(44... c3 45. Rd3 c2 46. Rc7 $18) 45. e6 Nxe6 (45... c3 46. Rd1 ({It's never
too late to spoil the advantage:} 46. Rd7 $2 Rc8 $1 47. R2xd4 c2 48. Rd1 cxd1=Q
49. Rxd1 Re8 $14) 46... Nxe6 47. Rxd8+ Nxd8 48. Kf2 $18) 46. Rxd8+ Nxd8 47. Kf2
{This endgame is easily won for white. The knight is not able to compete with
the rook.} Nc6 48. Re6 Kb7 49. Rxg6 Nb4 50. a3 Nc2 51. h4 Nxa3 52. h5 c3 53.
Ke2 b4 54. h6 c2 55. Kd2 b3 56. Rg4 {[%cal Gg4b4]} a5 57. Kc1 Nb5 58. h7 Nc3
59. Rc4 1-0

[Event "EU-ch 2nd"]
[Site "Ohrid"]
[Date "2001.06.09"]
[Round "8"]
[White "Nedev, Trajce"]
[Black "Azarov, Sergei Nikolaevich"]
[Result "1-0"]
[WhiteElo "2514"]
[BlackElo "2452"]
[Annotator "Postny,E"]
[PlyCount "45"]
[EventDate "2001.06.01"]
[EventType "swiss"]
[EventRounds "13"]
[EventCountry "YUG"]
[SourceTitle "CBM 084"]
[Source "ChessBase"]
[SourceDate "2001.09.13"]
[SourceVersion "1"]
[SourceVersionDate "2001.09.13"]
[SourceQuality "1"]

1. e4 e5 2. Nf3 Nc6 3. d4 exd4 4. Nxd4 Bc5 5. Be3 Qf6 6. c3 Nge7 7. Bc4 b6 $5 {
This rare move was first tried in practice by several English Grandmaster's
like Speelman and Nunn.} 8. O-O Bb7 9. f4 O-O-O 10. b4 (10. e5 Qh6 11. Qd2 f6
12. Na3 Nxd4 13. cxd4 Bxa3 14. bxa3 Nf5 15. Rac1 fxe5 16. dxe5 Kb8 17. Bd3 Qe6
18. Rfe1 Rc8 19. a4 {1/2-1/2 Chandler,M-Speelman,J /Hastings/1991 (19)}) 10...
Nxd4 11. bxc5 Ne6 12. Qa4 $146 (12. cxb6 axb6 13. Bd3 (13. Bd5 $1 {V.
Mikhalevski}) 13... d5 14. e5 Qh6 15. Na3 d4 16. cxd4 Nd5 17. Qd2 $2 (17. Bd2
$1 {V.Mikhalevski}) 17... Nxe3 18. Qxe3 Rxd4 $15 {0-1 Motylev,A-Grischuk,A /
Ubeda/2000 (42)}) 12... Nxc5 $2 {Despite winning a pawn this move seriously
weakens the defense around the black K.} (12... Kb8 13. cxb6 axb6 14. Bd3 (14.
f5 $2 Ng5 15. Bd4 (15. e5 $2 {[%tqu "En","Find the best move for black.","","",
"g5h3","",10]} Nh3+ $1 16. gxh3 Qxe5 $40 {[%csl Gb7,Re3,Rg1][%cal Ge5e4] -+})
15... Qh6 16. f6 gxf6 17. Rxf6 Qh4 18. Nd2 Rhg8 $40) 14... d5 15. e5 Qh4 16.
Na3 g5 $5 {with a double-edged position.}) 13. Bxc5 bxc5 14. Nd2 (14. Qxa7 {
can't be recommended in view of} d5 15. exd5 (15. e5 Qb6 $15) 15... Nxd5 {
[%csl Gb7,Re3,Rg2] and black grabs the initiative.}) 14... d5 15. e5 Qg6 16.
Be2 Nf5 $6 (16... d4 17. Bf3 Bxf3 18. Nxf3 $1 (18. Rxf3 $2 dxc3 19. Nb3 (19.
Nc4 c2 20. Qxa7 Qe4 21. Qa6+ Qb7 $15) 19... Qb6 20. Qc4 c2 $15) 18... Nd5 (
18... Qc6 19. Qxa7 dxc3 20. e6 $1) 19. cxd4 Nxf4 20. Nh4 Qg4 21. Qa6+ Kd7 22.
d5 $1 Ke7 (22... Qxh4 $2 23. Qa4+ $18 {[%csl Rf4][%cal Gf1f4]}) 23. Qxa7 Qxh4
24. Qxc5+ $1 Ke8 25. Qb5+ Rd7 26. e6 fxe6 27. dxe6 Nxe6 28. Rad1 Qe7 29. Rfe1
Rf8 30. Rxd7 Qxd7 31. Rxe6+ Kd8 32. Qb8+ Qc8 33. Qb3 $1 (33. Qxc8+ Kxc8 34. Re7
$16) 33... Qd7 34. Re1 Kc8 35. Rb1 $40 {[%csl Rc8] B.Larsen once said "long
variation=wrong variation!" However I hope that this long variation will pass
the test...}) 17. Rab1 a6 (17... Ne3 18. Rf2 d4 19. f5 $1 Qc6 20. Qxa7 $18) (
17... d4 18. Rxb7 $18) 18. Bd3 $1 {A very unpleasant pin. Now black's queen is
forced to protect the knight and can't take part in the defense on the
queenside.} ({Worse is:} 18. Qb3 Ba8) 18... c4 (18... Qe6 {loses at once to}
19. Nb3 {[%csl Rc5]}) 19. Qb4 Ba8 (19... Bc6 20. Bc2 d4 21. Be4 Bxe4 22. Nxe4
Ne3 23. Qb7+ Kd7 24. Nc5+ Ke8 25. Rfe1 Rd5 (25... Nc2 26. e6 Nxe1 27. Qc6+ Kf8
28. e7+ $18) 26. g3 Rxc5 27. cxd4 $18) 20. Bc2 d4 21. Be4 Bxe4 22. Nxe4 d3 $2 {
Loses immediatly.} (22... Ne3 {was more stubborn.} 23. Qb7+ Kd7 24. Nc5+ Ke8
25. Rfe1 Rd5 (25... Nc2 26. e6 Nxe1 27. Qc6+ Kf8 28. e7+ $18) 26. g3 Rxc5 27.
cxd4 $18 {The same variation as in comment for the 19...Ba8.}) {[%tqu "En",
"How to conclude the game?","","","e5e6","",6]} 23. e6 $1 {[%csl Ge4][%cal
Ge4c5][%mdl 128]} (23. e6 Qxe6 24. Qb7+ Kd7 25. Nc5+ $18) 1-0

[Event "EU-ch 2nd"]
[Site "Ohrid"]
[Date "2001.06.09"]
[Round "8"]
[White "Nataf, Igor Alexandre"]
[Black "Fedorchuk, Sergey A"]
[Result "1-0"]
[WhiteElo "2552"]
[BlackElo "2503"]
[Annotator "Postny,E"]
[PlyCount "83"]
[EventDate "2001.06.01"]
[EventType "swiss"]
[EventRounds "13"]
[EventCountry "YUG"]
[SourceTitle "CBM 084"]
[Source "ChessBase"]
[SourceDate "2001.09.13"]
[SourceVersion "1"]
[SourceVersionDate "2001.09.13"]
[SourceQuality "1"]

1. e4 e5 2. Nf3 Nc6 3. d4 exd4 4. Nxd4 Bc5 5. Nxc6 Qf6 6. Qd2 dxc6 7. Nc3 Ne7
8. Qf4 Qe6 {Other popular continuations are: 8...Be6, 8...Ng6.} 9. Qxc7 O-O 10.
Qg3 $1 {This move seems to be the strongest way to meet black's pawn sacrifice.
} (10. Bd3 Bd6 11. Qa5 b5 12. Ne2 a6 13. Qd2 c5 14. c3 Bb7 15. O-O Rad8 16. Qe3
Rfe8 17. Bc2 Ng6 $44 {1/2-1/2 Tomescu,V-Romanishin,O /Reggio Emilia 2000/CBM
81 (21)}) 10... Ng6 $6 $146 {An unsound move.} ({The critical line should be} 
10... f5 {however in the following game white got an advantage as well:} 11. e5
f4 12. Bxf4 Qf7 (12... Nf5 13. Qd3 g5 14. Qc4 $16) (12... Ng6 $5 13. Be3 Nxe5)
13. Ne4 Bd4 14. O-O-O c5 15. Bg5 Nf5 16. Qa3 b6 17. g4 Bb7 18. Bg2 Bxe5 19. f4
Nh4 20. fxe5 Nxg2 21. Nd6 $18 {1-0 Motylev,A-Beliavsky,A/Novi Sad 2000/EXT
2001 (25)}) 11. f4 f5 (11... Bb4 12. Bd3 $16) 12. e5 b5 (12... Be7 13. h4 $5
$16) 13. Bd3 Bb7 14. Be3 Bb6 15. O-O {Black has no compensation for the pawn.
White's position is already considered to be winning.} Qe7 16. a4 Nh4 {Trying
to put a pressure on g2 pawn.} 17. Rf2 {[%csl Yg2][%cal Yf2g2]} Qb4 18. Rb1 (
18. Ra2 {was good enough as well.}) 18... Bxe3 19. Qxe3 bxa4 20. Ra1 $1 c5 (
20... Qxb2 $2 21. Bc4+ Kh8 22. Rb1 $18 {[%csl Rb7]}) 21. Rxa4 Qb6 (21... Qxb2
22. Bc4+ Kh8 23. Bb3 $18 {[%csl Rb2][%cal Ra4a2]}) 22. b3 {Besides being a
pawn up, white has clear positional advantage.} Kh8 23. Rc4 Rac8 24. Na4 Qg6
25. Qg3 Qh5 26. Be2 Qh6 27. Qg5 {The black queen is trapped for the exchange.
The rest is an easy job for white.} Qxg5 28. fxg5 Ng6 29. Rxc5 Rce8 30. Bd3 (
30. Rc7 $142 Be4 31. Nc5 Rc8 32. Rxc8 Rxc8 33. Nxe4 fxe4 34. Bg4 $18) 30... f4
({More stubborn was:} 30... Nxe5 31. Rxf5 Nxd3) 31. Bxg6 hxg6 32. Nb2 $1 {
[%csl Rf4][%cal Yb2d3]} Rf5 33. Nd3 f3 34. gxf3 Rxg5+ 35. Kf1 {Black is two
pawns down and there is no chance to create any serious threat.} Re7 36. e6 Rh5
37. Rxh5+ gxh5 38. Nc5 Bd5 39. Ke1 $1 Rc7 40. b4 g6 41. Rd2 Bxf3 42. Rd8+ (42.
Rd8+ Kg7 43. Rd7+) 1-0

[Event "FRA-chT poule haute"]
[Site "France"]
[Date "2003.05.10"]
[Round "11.6"]
[White "Godena, Michele"]
[Black "Fressinet, Laurent"]
[Result "1/2-1/2"]
[WhiteElo "2524"]
[BlackElo "2593"]
[Annotator "Postny,E"]
[PlyCount "91"]
[EventDate "2003.05.07"]
[EventType "team"]
[EventRounds "4"]
[EventCountry "FRA"]
[SourceTitle "CBM 095"]
[Source "ChessBase"]
[SourceDate "2003.07.25"]
[SourceVersion "1"]
[SourceVersionDate "2003.07.25"]
[SourceQuality "1"]
[WhiteTeam "Cannes"]
[BlackTeam "Paris NAO"]
[WhiteTeamCountry "FRA"]
[BlackTeamCountry "FRA"]

1. e4 e5 2. Nf3 Nc6 3. d4 exd4 4. Nxd4 Bc5 5. Be3 Qf6 6. c3 Nge7 7. Qd2 {
This move was popular in the 19th century. Nowadays it's a rare guest in
practice. The main line is 7.Bc4.} O-O (7... d5 $2 8. Nb5 Bxe3 9. Qxe3 Qe5 10.
f4 Nf5 11. fxe5 Nxe3 12. Nxc7+ Kd8 13. Nxa8 Nc2+ 14. Kd2 Nxa1 15. exd5 Nxe5 16.
Na3 $18 {1-0 Tarrasch,S-Von Gottschall,H/Hamburg 1885/HCL (37)}) ({Playable is
} 7... a6 {as a prophylactic against white's possible Nd4-b5.}) 8. Nc2 {
White decided to play safely, without striving for the opening advantage.} ({
The critical variation is:} 8. Nb5 Bxe3 9. Qxe3 d5 10. Nxc7 Rb8 11. Nxd5 (11.
Nd2 dxe4 12. O-O-O Qe5 13. Qg3 Qxg3 14. hxg3 Bf5 $11 {1/2-1/2 Maiorov,
O-Malaniuk,V/Krasnodar 2001/EXT 2002 (77)}) 11... Nxd5 12. exd5 Nb4 13. Qd2
Re8+ 14. Be2 Bg4 15. f3 Nxd5 (15... Bxf3 16. gxf3 Qxf3 17. Rg1 Nd3+ 18. Kd1
Nf2+ $11 {Lupu,M-Solozhenkin,E/Spain 1993}) 16. O-O $2 (16. Qxd5 Rbd8 17. Qxb7
Re7 $44 {Miles,A}) 16... Nf4 17. Bd1 Rbd8 18. Qf2 Bh3 {0-1 Lupu,M-Miles,A/
Cappelle la Grande 1994}) 8... Bxe3 9. Nxe3 d6 10. Na3 {[%csl Rc7][%cal Ga3b5]}
a6 11. Bd3 $146 (11. Nac2 Qg6 12. f3 f5 13. Bc4+ Be6 14. exf5 Nxf5 15. Bxe6+
Qxe6 16. O-O $11 {1/2-1/2 Blackburne,J-Baird,D/New York 1889/HCL (45)}) 11...
Ne5 12. Bc2 b5 {[%csl Ra3] Restricting the Na3.} 13. O-O-O $6 {Logical, but a
committing decision. The opposite castles usually lead to a sharp play. In
this case black seems to be preferable.} (13. O-O $11) 13... Rb8 14. Rdf1 {
[%cal Gf2f4]} N5c6 ({The immediate} 14... b4 $1 {was probably more in the
spirit of the position.} 15. cxb4 (15. Nb1 Be6 $15) 15... N5c6 16. Qc3 Qh6 $36)
15. f4 b4 16. Nb1 bxc3 (16... Be6 $6 17. c4 {closing the position on the
queenside.}) 17. Nxc3 Qd4 $6 {This is a dubious decision, since white's king
is less safe, than his counterpart and therefore, the exchange of queens
should be in white's favour.} ({More unpleasant for white seems to be} 17...
Nb4 18. Bb3 Be6) ({or} 17... a5 $5 {[%cal Yc8a6]}) 18. Qxd4 Nxd4 19. Ba4 $1 {
Now white is OK and can even hope for a slight edge, thanks to preferable pawn
structure.} f5 20. Rd1 c5 $6 {A risky move, which weakens the pawn d6.} (20...
Ne6 21. e5 dxe5 22. fxe5 Ng6 $11) 21. Nc2 $1 {Eliminating black's centralized
knight. After this black's d6 pawn will be a serious weakness.} fxe4 22. Nxd4
cxd4 23. Rxd4 d5 $6 {Another optimistic decision.} (23... Rxf4 $142 24. Rxd6
$14) 24. Bb3 Be6 25. g3 {Black's central pawns should not stay for long, but
black is hoping to use some tactical aspects in the position to hold the
balance.} Kf7 26. Rhd1 (26. Nxd5 $2 Rxb3 27. Nxe7 Rd3 28. Rxd3 exd3 29. Nc6 Rc8
$19 {[%csl Rc6]}) ({It was possible to capture the pawn by the bishop:} 26.
Bxd5 Nxd5 27. Nxd5 Rfd8 28. Rhd1 $16) 26... Rfc8 27. Kb1 Rc5 28. Nxe4 $2 {
Very brave and strange piece sacrifice, for a very murky compensation. White
could get the advantage by simply capturing the Pd5.} (28. Nxd5 $6 Rxb3 29.
Nxe7 Rd3 30. R1xd3 exd3 31. f5 $11) ({Simple and good was} 28. Bxd5 $1 Nxd5 (
28... Rxc3 $2 29. Bxe6+ Kxe6 30. Rxe4+ Kf6 31. Rd6+ Kf7 32. Rd7 $18) 29. Nxd5 {
and black is not able to compensate the lack of pawn, for instanse:} Bg4 30.
Rc1 Rxc1+ 31. Kxc1 Rd8 32. Rd2 $16 {[%cal Gd5e3]}) 28... dxe4 29. Bxe6+ Kxe6
30. Rxe4+ Kf7 31. Rd7 Re8 32. Ra7 {Objectively speaking, white is fighting for
a draw, though all three results are possible.} Rc6 33. a3 (33. Ra4 $2 Rd8 {
[%csl Rb1] black's rook is joining the battle with tempo.}) 33... Rb6 34. Ka2 (
34. Ra4 $2 Reb8 {and white must make a concession. After 35.b4 his king
becomes vulnerable.}) 34... Kf8 35. Ra4 Nd5 $6 ({It looks like} 35... Rh6 $1 {
[%csl Rh2] could give black good winning chances.}) 36. R4xa6 Rxa6 37. Rxa6 Re2
38. Kb3 Rxh2 39. Rd6 Rd2 $1 (39... Nf6 {[%csl Rg3][%cal Gf6e4]} 40. a4 Ne4 41.
Rd5 Nxg3 42. a5 {may be dangerous for black.}) 40. Rd7 $1 (40. a4 $2 Ke7 {
[%csl Ge7]}) 40... Rd3+ {Forcing a simplification, which leads to equality.} ({
Black's last winning attempt was} 40... Rd4 $5 41. Rb7 Ne7) 41. Kc4 $8 Nb6+ 42.
Kxd3 Nxd7 43. Kd4 Ke7 44. a4 Kd6 45. a5 $1 {The "a" pawn will distract one of
black's pieces from the kingside.} Kc6 46. Ke4 {The following variations
confirm, that this endgame is drawish.} (46. Ke4 Nc5+ $1 47. Ke5 Kb5 48. b4 $1
(48. f5 $2 Kxa5 49. g4 h6 50. Kd6 Ne4+ 51. Ke6 Nf6 52. Kf7 Nxg4 53. Kxg7 h5 $19
) 48... Kxb4 49. a6 $1 Nxa6 50. Ke6 Nc5+ 51. Kf7 Ne4 $11) 1/2-1/2

[Event "Montreal 4th"]
[Site "Montreal"]
[Date "2003.08.02"]
[Round "10"]
[White "Nataf, Igor Alexandre"]
[Black "Onischuk, Alexander"]
[Result "1-0"]
[WhiteElo "2549"]
[BlackElo "2657"]
[Annotator "Postny,E"]
[PlyCount "73"]
[EventDate "2003.07.23"]
[EventType "tourn"]
[EventRounds "11"]
[EventCountry "CAN"]
[EventCategory "11"]
[SourceTitle "CBM 097"]
[Source "ChessBase"]
[SourceDate "2003.11.11"]
[SourceVersion "1"]
[SourceVersionDate "2003.11.11"]
[SourceQuality "1"]

1. e4 e5 2. Nf3 Nc6 3. d4 exd4 4. Nxd4 Bc5 5. Be3 Qf6 6. Nb5 $6 {This
continuation is a very rare guest in practice, especially on high level,
although white scored 70% (!) in this line.} Bxe3 7. fxe3 Qh4+ (7... Qe5 8. Nd2
Kd8 9. Nc3 Nf6 10. Qf3 d6 11. h3 Be6 12. O-O-O $13 {Encyklopaedia of chess
openings.}) 8. g3 Qd8 (8... Qxe4 9. Nxc7+ Kd8 10. Nxa8 Qxh1 11. Qd6 (11. Qg4
Qg1 12. Qxg7 Qxe3+ 13. Be2 Qg1+ 14. Bf1 Qe3+ 15. Be2 Qg1+ 16. Bf1 Qe3+ {
1/2-1/2 Langer,M-Kamberi,S/22nd NAO, Oklahoma USA 2003 (16)}) 11... Nf6 12. Nd2
Ne4 13. Qc7+ Ke7 14. O-O-O Nxd2 15. Bb5 Qd5 16. Bxc6 bxc6 17. Rxd2 Qc5 18. Rd4
f6 19. b4 Qc3 20. Re4+ Kf7 21. Qxa7 Re8 22. Rxe8 Qe1+ 23. Kb2 Qxb4+ 24. Kc1
Qe1+ 25. Kb2 Qb4+ 26. Kc1 {1/2-1/2 Mieses,J-Sergeant,E/Hastings 1945}) 9. Qg4
Kf8 (9... g6 $6 10. Qf4 d6 11. Bc4 Be6 12. Bxe6 fxe6 13. O-O Nge7 14. N1c3 Ne5
15. Qf6 Kd7 16. Nd4 Qg8 17. Ncb5 N7c6 18. Nxc6 bxc6 19. Rad1 Rf8 20. Qxe5 Rxf1+
21. Kxf1 Qf7+ 22. Kg2 Rf8 23. Nxd6 Qf3+ 24. Kh3 Qxd1 25. Qg7+ Kxd6 26. Qxf8+
$18 {1-0 Spielmann,R-Rubinstein,A/Stockholm 1919/HCL (42)}) 10. Qf4 d6 11. N1c3
Nge7 $6 $146 (11... Ne5 $1 {[%csl Yc4,Yf1][%cal Ye5c4] It is important to
prevent from white to put his bishop on c4.} 12. O-O-O Bg4 13. Be2 h5 14. Bxg4
hxg4 15. Nd5 g5 16. Qf5 Nh6 17. Qf2 c6 18. Ndc7 Kg7 19. Nxa8 cxb5 20. Rhf1 Kh7
21. Qe2 Qe7 22. Nb6 axb6 23. Qxb5 $13 {1-0 Bernstein,O-Swiderski,R/Ostende
1907/HCL (26)}) 12. Bc4 f6 $2 {Such weakening moves should not be played till
the very necessary.} (12... Ne5 $142 13. Bb3 N7g6 14. Qf2 Bh3 15. O-O-O a6 16.
Nd4 Kg8) 13. O-O-O $36 {White has long-term initiative, while black can not
exploit white's pawn weaknesses.} Ng6 14. Qf1 Nce5 15. Bb3 Bg4 16. Rd2 Bd7 17.
h3 {From the positional point of view - black's position is nearly perfect,
but he can not solve his main problem - the bad placement of his king.} h5 18.
Nd4 c6 $6 {This move certainly can not be recommended, since it seriously
weakens the d6 pawn. On the other hand it is very hard to suggest any
reasonable plan for black.} 19. Nf5 {It looks like black's position is already
beyond saving.} Bxf5 20. exf5 Ne7 21. e4 {White has big advantage in space,
which helps him to start a direct attack against the black monarch.} a5 22. Be6
(22. Qd1 Qc7 23. Rxd6 $6 Nd5 {leads to unnecessary complications.}) 22... Qc7
23. g4 g5 {[%tqu "En","Find the best move for white.","","","h3h4","Opening
all the files against the black monarch. White's attack is irresistible.",10,
"f5g6","",0]} 24. h4 $1 {Opening all the files against the black monarch.
White's attack is irresistible.} (24. fxg6 $6 Kg7) 24... gxh4 (24... hxg4 25.
hxg5 Kg7 26. Rdh2 $18) (24... Nxg4 25. hxg5 fxg5 26. f6 $18) 25. Rxh4 Qb6 {
[%cal Gb6e3]} 26. Nd1 $1 Kg7 27. gxh5 Kh7 28. Rg2 Rhg8 {Black is desperately
sacrificing a lot of material in order to survive the attack, but white can
even refrain from the capture...} 29. Rg6 Qd8 30. Qf4 Qf8 31. Rh2 (31. Nf2 {
[%cal Gf2g4] was quickly winning as well.}) 31... Rh8 32. Ne3 Re8 33. Rhg2
N5xg6 34. fxg6+ Kg7 35. Rh2 f5 (35... Rh6 36. Ng4 $18) 36. exf5 Nxg6 37. f6+ (
37. f6+ Qxf6 38. h6+ {with quick mate.}) 1-0